Quizzes
Events
Quiz Creation
Community
Videos
Private Events
Remove Ads
Sign In
Join for FREE
Feedback
Dark Mode
Quiz Categories
Sports
Geography
Music
Movies
Television
Just For Fun
Miscellaneous
History
Literature
Language
Science
Gaming
Entertainment
Religion
Holiday
For Kids
Quiz Lab
Recent
Popular Today
Quiz Kudos Today
Editor Picks
Curator Picks
Quizzes by...
Day
Popularity
Type
Ratings
Length
Year
Community
Subscriptions
Recent Discussions
Orange Saloon
Badges
Playlists
Quests
Create
Leaderboards
Showdown
Live 5
Trivia Bingo
Activity
Puzzle Library
Sporcle Events
Private Events
Virtual Trivia
Globe League
Become a Host
Pub Owners
SporcleCon
Opinionation
Our Games
Videos
Blog
Mobile Apps
Partnerships
Remove Ads and Go Orange
Feedback
Movies
Disney
Marvel Cinematic Universe
Movie Resume
Movie Titles
Oscar
Actor
Actress
Director
Pixar
Role
Movie Quotes
Movie Characters
Box Office
Nominee
Best Picture
Star Wars
James Bond
Horror Movies
Movies
Disney
Marvel Cinematic Universe
Movie Resume
Movie Titles
Oscar
Actor
Actress
Director
Pixar
Role
Movie Quotes
Movie Characters
Box Office
Nominee
Best Picture
Star Wars
James Bond
Horror Movies
Random Quiz
Search Sporcle
×
Quiz Lab
Quiz Lab
Movies
Box Office
Type in answers that appear in a list
Type in answers that appear in a list
Classic
Best Score? Go Orange.
Highest Grossing Canadian Films by Year Stats
Can you name the highest grossing Canadian film by year?
By
mdalloway
7m
35 Questions
55 Plays
55 Plays
55 Plays
Comments
Comments
Give Quiz Kudos
Give Quiz Kudos
-
- Ratings
hide this ad
More Info
Replay
Link that replays current quiz
Next Quiz
Link to next quiz in quiz playlist
You Got
0%
They Got
Avg Score
20%
Avg Friend Score
Upgrade to see
Score Distribution
Jump to the score distribution portion of the page
Score
0/35
Timer
07:00
0
Plays Today
Year and Clue
Movie
% Correct
1980: Who wouldn't love having Bill Murray as your camp counsellor?
Meatballs
60%
1983: High school losers seek boobies.
Porky's
58.2%
1996: Sex and car crashes, what fun!
Crash
54.5%
1990: A rather unconventional Passion play.
Jesus of Montréal
40%
1997: Pooch plays some b-
ball.
Air Bud
40%
1984: A buncha hosers in a beer factory.
Strange Brew
38.2%
2007: Every Canadian cliché gloriously meets every buddy-
film cliché.
Bon Cop, Bad Cop
38.2%
1995: Cyperpunk Keanu before Neo.
Johnny Mnemonic
34.5%
2001: Wesley Snipes takes some notes from Sun Tzu.
The Art of War
32.7%
2009: Epic melodrama surrounding the hard-
to-
spell Third Battle of Ypres.
Passchendaele
32.7%
1999: A Québécois Mighty Ducks?
Les Boys
27.3%
1981: George C. Scott stays at a haunted house.
The Changeling
25.5%
2005: Alice and company escape Raccoon City.
Resident Evil: Apocalypse
25.5%
1982: Rotoscoping, epic battles and boobies.
Heavy Metal
23.6%
1987: Intellectuals talk about boobies.
Le Déclin de l'empire américain
23.6%
2006: Glam rock-
loving teen's coming out story.
C.R.A.Z.Y.
23.6%
2011: Alice and zombies in 3D.
Resident Evil: Afterlife
23.6%
1992: Jesuits in the wilderness meet up with the natives.
Black Robe
18.2%
Year and Clue
Movie
% Correct
2012: Adventures of a rather, uh, prolific sperm donor.
Starbuck
18.2%
1988: Children unleash demons from a backyard hole.
The Gate
14.5%
1978: Coming-
of-
age tale in Depression-
era Saskatchewan. (Hmm...)
Who Has Seen the Wind
10.9%
1986: Saccharine ursine fluff-
balls help two orphans.
The Care Bears Movie
10.9%
2000: Our ice-
skating heroes lose their luggage.
Les Boys II
10.9%
1993: Québécois couple open snowbird motel.
La Florida
9.1%
2003: Our heroes get their butts kicked by a buncha girls.
Les Boys III
9.1%
1976: Award-
winning tale of 1920s Jewish Montréal
Lies My Father Told Me
5.5%
1977: Teaching in Depression-
era Saskatchewan.
Why Shoot the Teacher?
3.6%
1991: Funny-
name comedians try to make it in the big city.
Ding and Dong, le film
3.6%
2008: Three brothers talk about boobies around their comatose mother.
Les 3 p'tits cochons (The Three Little Pigs)
3.6%
1985: Pooch brings peace to a snow-
war.
La guerre des tuques (The Dog Who Stopped the War)
1.8%
1994: Michel Poulette beats Truman and Ed to the punch.
Louis 19, le roi des ondes (Louis 19, King of the Airwaves)
1.8%
2004: Small town learns that money can't buy you happiness.
Séraphin: un homme et son péché (Séraphin: Heart of Stone)
1.8%
1989: A strange girl thinks she has the same linguistic capabilities of Dory.
La Grenouille et la baleine (The Tadpole and the Whale)
0%
2002: Wacky Québécois couple breaks up in the Honeymoon Capital of the World. (Or do they?!)
Nuit des noces (Wedding Night)
0%
2010: Father-
and-
son cops patch up their relationship.
De père en flic (Father and Guns)
0%
Quiz Playlist
Details
Report
Send in Message
Add To Playlist
More Info:
The Golden Reel Awards are given out annually to the highest-grossing Canadian film of the year. Yeah, I haven't heard of some of these, either.
Classic:
Type in answers that appear in a list
Quiz Source
Last Updated: Feb 16, 2017
Quiz Scoreboard
CHALLENGE
Sign Up to Join the Scoreboard
Show All
Scores
Hide
Comments
May contain spoilers
Recently Published
Popular People in 1961
by mucciniale
History
6m
1-10 Letter E Words III
by El_Dandy
Language
2m
One Thing in Common: World Cities II
by knightlancer
Geography
7m
More to Explore
Quiz From the Vault
Featured Blog Post
Where Did the Easter Bunny Come From?
hide this ad
You Might Also Like...
Tags
Box Office Quiz
Canada Quiz
highest
Today's Top Quizzes in Movies
Browse Movies
hide this ad
Today's Top Quizzes in Box Office
Browse Box Office
Top Contributed Quizzes in Movies
1
Multi-Oscar Nominations, One Movie, One Winner
2
12 Movies about Fictional 1960s Events
3
One Thing in Common: Movies
4
Three Word 'T' Movies Match Up
5
Sunday Crossword: Film Score Composers
6
One Thing in Common: Movies II
7
Three Word 'H' Movies Match Up
8
Three Word 'M' Movies Match Up
9
One Thing in Common: Oscars
10
Three Word 'P' Movies Match Up
Explore More
Trending Topics
Crossword
Marvel
Anime
Disney
NBA
Kpop
Harry Potter
Puzzle
Pokémon
NFL
Soccer
WWE
Song
The Office
Country
hide this ad
More By:
mdalloway
Quiz
Plays
Rating
Category
Featured
Created
World's Largest Asparagus Producers
1,328
4.61
Geography
Jun 7, 2011
Gobble Gobble, Eh? A Canadian Thanksgiving
988
5.00
Holiday
Oct 7, 2012
Jean-Luc Godard films
811
5.00
Movies
May 13, 2010
Largest Universities in Canada
438
4.83
Geography
Oct 8, 2012
National Film Registry Film Noir
354
4.75
Movies
Jun 8, 2011
Go to Creator's Profile
Score Distribution
Quiz Creator Spotlight
mdalloway
Follow
Send a Message
Quizzes Created
-
Created Quiz Play Count
-
More By This Creator
Popular Quizzes Today
1
Find the US States - No Outlines Minefield
2
The Countries of the World
3
Find the Countries of Europe - No Outlines Minefield
4
Popular People in 1961
5
1-10 Letter E Words III
6
Find the US States
7
One Thing in Common: World Cities II
8
US States
More Movies Quizzes
2019 Movie Slot Machine
Published
Trending Quizzes
Risky Map Clicking: Least Populous States A-Z
1-10 Letter F Words
1-10 Letter G Words
One Thing in Common: United Kingdom
Risky Map Clicking: Next State Alphabetically
Recently Updated
Leaping Animals
pecheneg
Reality TV Shows (A-Z)
bhenderson79
Rickey Henderson's Hall of Fame Teammates
pecheneg
Champions League XIs: Arsenal
pecheneg
Quick Pick: Celebrities in WWE's Hall of Fame
aduchscher
A-Z Keypad Blitz II
pecheneg
Multiple Oscar Actors
pecheneg
Mystery Phrase Blitz: Oscar 'Best Actors'
pecheneg
F. Scott Fitzgerald Novels
LTH
Pick 3 Villains
ddd62291
Trending Topics
Marvel
Crossword
Disney
Kpop
NBA
Harry Potter
Anime
NFL
Song
Pokémon
Country
Puzzle
The Office
WWE
Soccer
Your Account Isn't Verified!
In order to create a playlist on Sporcle, you need to verify the email address you used during registration. Go to your
Sporcle Settings
to finish the process.
Report this User
Report this user for behavior that violates our
Community Guidelines
.
Details:
Send Report
Go to the Sporcle.com Mobile Site →
Comments